Statistics for Harry Potter A-Z #3

Click here to take the quiz!

General Stats

  • This quiz has been taken 1,536 times
  • The average score is 18 of 25

Answer Stats

Clue Answer % Correct
MNon-wizardsMuggles
95%
CHufflepuff's Twizard Tournament competitorCedric
95%
DNorwegian Ridgeback, Hungarian Horntail, etc.Dragon
94%
OTests taken in the student's fifth yearO.W.L.
92%
RHagrid's first nameRubeus
91%
NFirst name of Lucius Malfoy's wifeNarcissa
89%
GHollow where Harry lived as a babyGodric's
88%
SShape of Harry's patronusStag
88%
BViktor Krum's home countryBulgaria
88%
FAlchemist NicolasFlamel
86%
WRemus and Fenrir Greyback, for exampleWerewolf
84%
UImperio, Crucio, Avada Kedavra cursesUnforgivable
84%
HBuckbeak's speciesHippogriff
83%
QVoldemort lives on his headQuirrell
83%
PPopular type of juicePumpkin
78%
KTortured by cursed necklaceKatie Bell
72%
E______ of Life produced by Philosopher's StoneElixir
69%
TVisible only to someone who witnessed deathThestral
66%
ZBlaise, one of Malfoy's friendsZabini
65%
VTruth serum used in interrogationVeritaserum
61%
AWater-making spellAguamenti
59%
YWood of Tom Riddle's wandYew
44%
LType of fly used in Polyjuice potionLacewing
34%
IJinx that slows down the targetImpedimenta
28%
J_____ Campbell Bower, Grindelwald actorJamie
27%

Score Distribution

Percentile by Number Answered

Percent of People with Each Score

Your Score History

You have not taken this quiz